Logo BPK

Biblioteka

Politechniki Koszalińskiej

Wörterbuch der Rechts- und Wirtschaftssprache. (Rekord nr 40023)

Szczegóły MARC
000 -ETYKIETA REKORDU
podpole kontrolne o stałej długości 00877nam a2200265 i 4500
001 - NUMER KONTROLNY REKORDU
pole kontrolne bg
020 ## - MIĘDZYNARODOWY ZNORMALIZOWANY NUMER KSIĄŻKI - ISBN
ISBN 8371106467 (cz. 1)
040 ## - ŹRÓDŁO KATALOGOWANIA
Instytucja, która utworzyła rekord BPK
041 0# - KOD JĘZYKA
Kod języka tekstu plde
080 ## - UNIWERSALNA KLASYFIKACJA DZIESIĘTNA - UKD
UKD 34+33](038)=162.1=112.2
920 ## - Międzynarodowy znormalizowany numer książki – ISBN
ISBN 83-7110-646-7 (cz. 1)
008 - POLE O STAŁEJ DŁUGOŚCI - DANE KONTROLNE
podpole kontrolne o stałej długości s pl f |000 0 pol
100 1# - NAZWA OSOBOWA
Nazwa osobowa KILIAN, Alina.
245 10 - TYTUŁ/ODPOWIEDZIALNOŚĆ
Tytuł Wörterbuch der Rechts- und Wirtschaftssprache.
Oznaczenie części/sekcji dzieła Bd.1,
Tytuł części/sekcji dzieła Polnisch-Deutsch /
Pozostałe elementy strefy tytułu i oznaczenia odpowiedzialności von Alina Kilian ; in zusamm. mit Götz Hanckel.
246 11 - WARIANT TYTUŁU
Tytuł Słownik języka prawniczego i ekonomicznego
260 ## - STREFA ADRESU WYDAWNICZEGO
Miejsce wydania Warszawa :
Nazwa wydawcy/dystrybutora C. H. Beck,
Data publikacji, dystrybucji/powstania dokumentu 2000.
300 ## - STREFA OPISU FIZYCZNEGO
Objętość XIII, 465, [2] s. ;
Rozmiary 20 cm.
500 ## - UWAGI OGÓLNE
Tekst uwagi Tyt. równol.: Słownik języka prawniczego i ekonomicznego. T. 1, polsko-niemiecki.
650 #9 - HASŁO PRZEDMIOTOWE W FORMIE NAZWY OGÓLNEJ LUB JEDNOSTKOWEJ
Nazwa ogólna lub geograficzna Nauki ekonomiczne
650 #9 - HASŁO PRZEDMIOTOWE W FORMIE NAZWY OGÓLNEJ LUB JEDNOSTKOWEJ
Nazwa ogólna lub geograficzna Prawo
650 #9 - HASŁO PRZEDMIOTOWE W FORMIE NAZWY OGÓLNEJ LUB JEDNOSTKOWEJ
Nazwa ogólna lub geograficzna Słownik polsko-niemiecki
655 ## - TERMIN INDEKSOWY - OKREŚLENIE RODZAJU/FORMY DOKUMENTU
Określenie rodzaju/formy dokumentu Słowniki
700 1# - HASŁO DODATKOWE - NAZWA OSOBOWA
Nazwa osobowa HANCKEL, Götz.
856 ## - LOKALIZACJA I DOSTĘP DO ELEKTRONICZNYCH DOKUMENTÓW ZDALNYCH
Link (URL) http://koha.tu.koszalin.pl/cgi-bin/koha/opac-detail.pl?biblionumber=40023
Tekst linku Katalog online BPK
942 ## - DODATKOWE ELEMENTY (KOHA)
Typ dokumentu Książka
Egzemplarze
Wycofany Status egzemplarza Uszkodzony Dostępność Lokalizacja stała Lokalizacja bieżąca Miejsce przechowywania Sygnatura Kod kreskowy Dział Typ dokumentu
      Tylko na miejscu Biblioteka Politechniki Koszalińskiej Biblioteka Politechniki Koszalińskiej Czytelnia Wydziałowa ul. Kwiatkowskiego 6e 59891 01619850 811.112.2(03):33 Język niemiecki - słowniki biznesowe Książka
© 2023 Biblioteka Politechniki Koszalińskiej :: KOHA